000 00417nam a2200169 a 4500
005 20140414131913.0
008 101014s19uu xx 00 eng d
020 _a9780439021524
050 _aER
_bT49 2004
245 _aTiny tadpole (The).
260 _aNew York :
_bScholastic, Inc,
_c2004.
300 _a12
440 _aLittle Scholastic
650 _aTadpole-
_xfiction
999 _c111311
_d111311